Zhodnotenie a komparácia jednotlivých teórií kapitálovej štruktúry podiku

Existuje niekoľko všeobecne uznávaných teórií kapitálovej štruktúry. Každá teória kapitálovej štruktúry podniku sa snaží vysvetliť príčiny voľby rôznych kombinácií finančných zdrojov, ktoré používajú podniky na financovanie reálnych investícií. Zhodnotenie a komparácia jednotlivých teórií kapitálove...

Descripción completa

Guardado en:
Detalles Bibliográficos
Autor principal: Cúg, Juraj
Otros Autores: Spuchľáková, Erika
Formato: Capítulo de libro
Lenguaje:eslovaco
Materias:
Etiquetas: Agregar Etiqueta
Sin Etiquetas, Sea el primero en etiquetar este registro!

MARC

LEADER 00000nla a2200000 4500
001 0177915
005 20220722095707.1
041 0 |a slo 
044 |a SK 
245 1 0 |a Zhodnotenie a komparácia jednotlivých teórií kapitálovej štruktúry podiku  |c Juraj Cúg, Erika Spuchľáková 
520 |a Existuje niekoľko všeobecne uznávaných teórií kapitálovej štruktúry. Každá teória kapitálovej štruktúry podniku sa snaží vysvetliť príčiny voľby rôznych kombinácií finančných zdrojov, ktoré používajú podniky na financovanie reálnych investícií. Zhodnotenie a komparácia jednotlivých teórií kapitálovej štruktúry podniku. 
610 2 0 |a analýza komparatívna 
610 2 0 |a štruktúra kapitálová 
610 2 0 |a štruktúra podniku finančná 
610 2 0 |a majetok podnikový 
610 2 0 |a teórie ekonomické 
100 1 |a Cúg, Juraj 
700 1 |a Spuchľáková, Erika